000 00361nam a2200157Ia 4500
008 191201s2010 xx 000 0 und d
020 _a9780070532465
082 _a005.133
_bSCC
100 _aSCHILDT, Herbert
245 0 _aComplete Reference C++
250 _aRep 2nd
260 _aN.Delhi
_bTMH
_c2010
300 _a1023
650 _aMCA
942 _2ddc
_cBK
999 _c4716
_d4716